000 00719nam a2200205Ii 4500
003 JO-AjNU
008 230605s9999||||xx |||||||||||||| ||und||
040 _aJO-AjNU
_bara
_erda
_cJO-AjNU
041 _aara
050 1 4 _aPJ7870 2005
100 3 _aتأليف خالص،وليد محمود,
_eauthor
_924395
245 0 0 _aجذور بين الرماد: إبراهيم الوائلي في سيرته وأوراقه المنسية
250 _aط1
264 3 1 _aعمان: مؤسسة الوراق، 2005
300 _a138ص
336 _atext
_btxt
_2rdacontent
337 _aunmediated
_bn
_2rdamedia
338 _avolume
_bnc
_2rdacarrier
650 4 _aالأدب العربي - تحليل ونقد - تراجم
_924396
999 _aA8976
_c12544
_d12544